000 01275nam0a22002651 4500
001 v19\rc\2032659
005 20250620012142.0
035 _a(NLR Aleph) 005111522
090 _a7498412
_c7498412
100 _a20080925d1917 |||y0rusy50 ca
101 0 _arus
102 _aRU
105 _ay z |||c|
200 1 _aНа пути к смерти [и др. очерки]
_fСергей Анисимов
210 _aМосква
_aПетроград
_cЗадруга
_d1917
215 _a253 с.
_d16
327 1 _aСодерж.: Отмена смертной казни (вместо предисловия); На пути к смерти; Как это было; Приговор; Из записок военного судьи
464 0 _12001#$aОтмена смертной казни$eВместо предисл.$aНа пути к смерти$aКак это было$aПриговор$aИз записок военного судьи
_tИз записок военного судьи
532 1 2 _aНа пути к смерти и другие очерки
700 1 _aАнисимов
_bС.С.
_f1876-1948
_gСергей Сергеевич
801 0 _aRU
_bNLR
_gpsbo
801 1 _aRU
_bProSoft-M
_2rusmarc
852 _aNLR
_j67-2/1980
942 _cBOOK
980 _aNB